| 000 | 00395nam a22001577a 4500 | ||
|---|---|---|---|
| 003 | OSt | ||
| 005 | 20231123045737.0 | ||
| 008 | 201005b xxu||||| |||| 00| 0 eng d | ||
| 020 | _a9799388821604 | ||
| 040 | _cIIMT UNIVERSITY MEERUT | ||
| 100 | _aSINGH OMKAR | ||
| 245 | _aCROP IMPROVEMENT -I (KHARIF CROPS) | ||
| 260 |
_aMEERUT _bRAMA PUBLICATION _c2020 |
||
| 300 | _a352 | ||
| 942 |
_2ddc _c02 |
||
| 999 |
_c50179 _d50179 |
||